000 00490nam a2200181Ia 4500
005 20250326141442.0
008 250326s9999 xx 000 0 und d
037 _aTextbook
040 _aFMSL
_beng
_cFMSL
041 _aeng
_2eng
084 _qFMSL
100 _aFreeman C
245 0 _aNew explorations in the Economics of technological change
_cFreeman C; Soete L
260 _aLondon
_bLondon, Pinter Pub.
_c1990
300 _a272p
942 _cTB
999 _c1290382
_d1290382